Spiritus Аnimalis, или Как человеческая психология управляет экономикой и почему это важно для мирового капитализма: пер. с англ.

מידע ביבליוגרפי
מחבר ראשי: Акерлоф Д. Джордж
מחברים אחרים: Шиллер Р. Роберт
סיכום:В книге нобелевского лауреата по экономике Джорджа Акерлофа и профессора Йельского университета Роберта Шиллера рассказывается об особенности человеческого поведения, которые влияют на макроэкономические процессы. Эти особенности до сих пор недостаточно учитывались теми, кто определяет экономическую политику государств, в результате чего периодически происходят более или менее серьезные финансовые сбои - депрессии, перегрев рынков и т.д. Хотя авторы описывают ряд сложных макроэкономических механизмов, в целом книга будет понятна самому широкому кругу читателей, потому что с этими свойствами человеческой психики каждый неоднократно сталкивался в повседневной жизни.
שפה:רוסית
יצא לאור: Москва, Альпина Бизнес Букс, 2011
מהדורה:2-е изд.
סדרה:Экономика для неэкономистов
נושאים:
פורמט: ספר
KOHA link:https://koha.lib.tpu.ru/cgi-bin/koha/opac-detail.pl?biblionumber=216156

MARC

LEADER 00000nam0a2200000 4500
001 216156
005 20231101230023.0
010 |a 9785904522872 
035 |a (RuTPU)RU\TPU\book\236117 
090 |a 216156 
100 |a 20120522d2011 km y0rusy50 ca 
101 1 |a rus  |c eng 
102 |a RU 
105 |a y z 001zy 
200 1 |a Spiritus Аnimalis, или Как человеческая психология управляет экономикой и почему это важно для мирового капитализма  |e пер. с англ.  |f Д. Акерлоф, Р. Шиллер 
205 |a 2-е изд. 
210 |a Москва  |c Альпина Бизнес Букс  |d 2011 
215 |a 273 с. 
225 1 |a Экономика для неэкономистов 
320 |a Библиогр.: с. 240-261. 
320 |a Предметный указатель: с. 262-272. 
330 |a В книге нобелевского лауреата по экономике Джорджа Акерлофа и профессора Йельского университета Роберта Шиллера рассказывается об особенности человеческого поведения, которые влияют на макроэкономические процессы. Эти особенности до сих пор недостаточно учитывались теми, кто определяет экономическую политику государств, в результате чего периодически происходят более или менее серьезные финансовые сбои - депрессии, перегрев рынков и т.д. Хотя авторы описывают ряд сложных макроэкономических механизмов, в целом книга будет понятна самому широкому кругу читателей, потому что с этими свойствами человеческой психики каждый неоднократно сталкивался в повседневной жизни. 
606 1 |a Теоретическая экономика  |2 stltpush  |3 (RuTPU)RU\TPU\subj\37043  |9 58208 
606 1 |a Экономическая психология  |2 stltpush  |3 (RuTPU)RU\TPU\subj\69312  |9 84223 
610 1 |a экономика 
610 1 |a психология 
610 1 |a человеческое поведение 
610 1 |a экономическое поведение 
610 1 |a макроэкономика 
610 1 |a экономическая политика 
610 1 |a мировая экономика 
610 1 |a экономические кризисы 
610 1 |a финансовые кризисы 
610 1 |a депрессия 
686 |a У011  |v LBC/SL-A  |2 rubbk 
686 |a Ю949.3  |v LBC/SL-A  |2 rubbk 
700 1 |a Акерлоф  |b Д.  |g Джордж 
701 1 |a Шиллер  |b Р.  |g Роберт 
801 1 |a RU  |b 63413507  |c 20120522 
801 2 |a RU  |b 63413507  |c 20120913  |g RCR 
942 |c BK 
959 |a 80/20120522  |d 1  |e 450,00  |f ЧЗГЛ:1